Central Library OPAC University of Rajshahi
Normal view MARC view

Entry Personal Name

Number of records used in: 2

001 - CONTROL NUMBER

  • control field: 13930

003 - CONTROL NUMBER IDENTIFIER

  • control field: BD-RjUL

005 - DATE AND TIME OF LATEST TRANSACTION

  • control field: 20241024120347.0

008 - FIXED-LENGTH DATA ELEMENTS

  • fixed length control field: 241024|| aca||aabn | a|a d

040 ## - CATALOGING SOURCE

  • Original cataloging agency: BD-RjUL
  • Transcribing agency: BD-RjUL

100 ## - HEADING--PERSONAL NAME

  • Personal name: Ahmed, Samil Uddin

670 ## - SOURCE DATA FOUND

  • Source citation: Work cat.: (BD-RjUL)84164: Ahmed, Samil Uddin, Evaluation of the Result of the Surgical Repair of the open Achilles Tendon Injuries by Pulling Down on the Proximal Tendon /, 2021